000 00776 a2200205 4500
999 _c6378
_d6378
020 _a9781844800902
050 0 0 _aTX911.3 BAK 2000
100 1 _aBaker, Sue,
_d1952-
_eauthor
245 1 0 _aPrinciples of hotel front office operations /
_cSue Baker, Pam Bradley, and Jeremy Huyton.
250 _a2nd ed.
264 _aLondon :
_bSouth-Western Cengage Learning,
_c2000.
300 _a325p. :
_bill. ;
500 _aIncludes index.
650 0 _aHotel front desk personnel.
650 0 _aHotel management.
700 1 _aBradley, Pam,
_d1957-
_eauthor
700 1 _aHuyton, Jeremy,
_d1946-
_eauthor
942 _2lcc
_cBK
_e2nd ed.
_h911.3
_iBAK
_kTX